000 00411 a2200157 4500
003 Nust
005 20230403110704.0
040 _cNust
082 _a921,MAS
100 _aHassan, Masud Ul
_9111672
245 _aStories and Biographies from Iqbal /
_cMasud Ul Hassan
260 _aLahore
_bFerozsons Limited
_c1998
300 _a305
650 _aStories and biographies from iqbal
_9111673
942 _2ddc
_cBK
999 _c186973
_d186973